Viviendas sociales

Bibliographic Details
Main Author: Minguet, Josep Ma.
Format: Section = Libro
Language:Undetermined
Spanish
Published: Barcelona Instituto Monsa de Ediciones S.A 2006
Subjects:
LEADER 00562nam a2200205Ia 4500
008 240829s9999 xx 000 0 und d
020 |a 84-96429-49-0 
040 |a BIBLIOTECA-RUSB/ Ref 728 V861 
041 |a spa 
082 |a Ref 728 V861 
100 1 |a Minguet, Josep Ma. 
245 1 0 |a Viviendas sociales 
260 |a Barcelona  |b Instituto Monsa de Ediciones S.A  |c 2006 
300 |a 240 p. :il. 
650 7 |a EDIFICIOS RESIDENCIALES 
650 7 |b  VIVIENDAS SICIALES VERTICALES 
650 7 |c  PLANOS ARQUITECTONICOS 
942 |c BK  |2 ddc 
991 |a TEXTO 
999 |c 6555